Score 0/20 Timer 04:00
0 Plays Today
Question Answer Wrong Answers
19-2000 Gorillaz
91.3%
Demon Days
6.5%
Plastic Beach
0%
Humanz
0%
Feel Good Inc. Demon Days
89.1%
Gorillaz
8.7%
Plastic Beach
0%
Humanz
0%
5/4 Gorillaz
89.1%
Demon Days
2.2%
Plastic Beach
2.2%
Humanz
2.2%
Clint Eastwood Gorillaz
89.1%
Demon Days
6.5%
Plastic Beach
2.2%
Humanz
0%
Kids with Guns Demon Days
89.1%
Gorillaz
6.5%
Plastic Beach
0%
Humanz
0%
Rock the House Gorillaz
87%
Demon Days
8.7%
Plastic Beach
0%
Humanz
0%
On Melancholy Hill Plastic Beach
84.8%
Gorillaz
4.3%
Demon Days
6.5%
Humanz
0%
Dare Demon Days
84.8%
Gorillaz
10.9%
Plastic Beach
0%
Humanz
2.2%
Dirty Harry Demon Days
84.8%
Gorillaz
4.3%
Plastic Beach
2.2%
Humanz
2.2%
Tomorrow Comes Today Gorillaz
82.6%
Demon Days
10.9%
Plastic Beach
2.2%
Humanz
2.2%
Saturnz Barz Humanz
82.6%
Gorillaz
8.7%
Demon Days
0%
Plastic Beach
2.2%
El Manana Demon Days
80.4%
Gorillaz
8.7%
Plastic Beach
8.7%
Humanz
0%
Andromeda Humanz
80.4%
Gorillaz
10.9%
Demon Days
0%
Plastic Beach
4.3%
Stylo Plastic Beach
80.4%
Gorillaz
6.5%
Demon Days
6.5%
Humanz
4.3%
Hallelujah Money Humanz
80.4%
Gorillaz
6.5%
Demon Days
4.3%
Plastic Beach
2.2%
Superfast Jellyfish Plastic Beach
78.3%
Gorillaz
8.7%
Demon Days
8.7%
Humanz
2.2%
We Got the Power Humanz
78.3%
Gorillaz
10.9%
Demon Days
4.3%
Plastic Beach
2.2%
Ascension Humanz
78.3%
Gorillaz
10.9%
Demon Days
6.5%
Plastic Beach
2.2%
Empire Ants Plastic Beach
76.1%
Gorillaz
8.7%
Demon Days
4.3%
Humanz
4.3%
Rhinestone Eyes Plastic Beach
76.1%
Gorillaz
15.2%
Demon Days
6.5%
Humanz
2.2%
Come Together.
Have Fun.
All Virtual.
We all need to come together. Play Sporcle's virtual live trivia to have fun, connect with people, and get your trivia on. Join a live hosted trivia game for your favorite pub trivia experience done virtually. If a virtual private party is more your thing, go here for details.

You're not logged in!

Compare scores with friends on all Sporcle quizzes.
OR
Log In

Sporcle TV

Today on Sporcle TV


Watch our educational content, quiz creation guides, and fun videos on Sporcle TV.

Show Comments

Extras

Top Quizzes Today


Score Distribution

Paid Content

Your Account Isn't Verified!

In order to create a playlist on Sporcle, you need to verify the email address you used during registration. Go to your Sporcle Settings to finish the process.

Report this User

Report this user for behavior that violates our Community Guidelines.

Details: